1573 1240 1885 1922 1130 1175 1112 1908 1976 1702 1698 1341 1642 1340 1939 1342 1244 1205 1425 1601 1370 1473 1755 1771 1134 1585 1792 1652 1348 1788 1513 1799 1711 1887 1129 1693 1264 1982 1546 1749 1225 1513 1260 1451 1155 1896 1367 1425 1698 1215 1800 1326 1072 1083 1059 1298 1167 1301 1976 1036 1991 1799 1627 1436 1536 1150 1559 1401 1784 1250 1317 1126 1360 1912 1180 1466 1882 1529 1489 1832 1618 1361 1459 1809 1246 1085 1608 1047 1640 1303 1909 1992 1033 1298 1487 1548 1112 1281 1671 BCNSPRNW ULIB Ver.6.0+V

เปลี่ยนเป็นภาษาไทย

Change to English
 แสดงรายละเอียดบรรณานุกรม
  กลับหน้าหลัก

Brief Record : Get Marc (ISO 2709) : E-mail record : QR code < ปิดหน้าต่าง
LEADER : 00000nam 2200000uu 4500
001    13399129137
003     ULIB
008    250718s2566||||th 000 0 tha d
020    ^a9789740340393
050  4 ^aLB1028^bย425ส
100    ^aยุภาดี ปณะราช.
245 1  ^aสถิติเพื่อการวิจัยทางการศึกษา =^bStatistics for educational research /^cยุภาดี ปณะราช.
246 3  ^aStatistics for educational research
246 3  ^aStatistics for research education
250    ^aพิมพ์ครั้งที่ 3.
260    ^aกรุงเทพฯ :^bสำนักพิมพ์จุฬาลงกรณ์มหาวิทยาลัย,^c2566.
300    ^a255 หน้า ;^c26 ซม.
505    ^aความรู้เบื้องต้นเกี่ยวกับสถิติ -- การสุ่มตัวอย่าง -- สมมติฐาน -- การวัดแนวโน้มเข้าสู่ส่วนกลาง -- การวัดการกระจาย -- การเปรียบเทียบค่าเฉลี่ยของข้อมูลกับเกณฑ์ -- การเปรียบเทียบค่าเฉลี่ยข้อมูลสองชุดที่ไม่เป็นอิสระจากกัน -- การเปรียบเทียบค่าเฉลี่ยข้อมูลสองชุดที่เป็นอิสระจากกัน -- การวิเคราะห์ความแปรปรวนทางเดียว -- การวิเคราะห์ความสัมพันธ์ -- การวิเคราะห์ถดถอย
505 0  ^aบทที่ 1 ความรู้เบื้องต้นเกี่ยวกับสถิติ -- บทที่ 2 การสุ่มตัวอย่าง -- บทที่ 3 สมมติฐาน -- บทที่ 4 การวัดแนวโน้มเข้าสู่ส่วนกลาง -- บทที่ 5 การวัดการกระจาย -- บทที่ 6 การเปรียบเทียบค่าเฉลี่ยของข้อมูลกับเกณฑ์ -- บทที่ 7 การเปรียบเทียบค่าเฉลี่ยข้อมุลสองชุดที่ไม่เป็นอิสระจากกัน -- บทที่ 8 การเปรียบเทียบค่าเฉลี่ยข้อมูลสองชุดที่เป็นอิสระจากกัน -- บทที่ 9 การวิเคราะห์ความแปรปรวนทางเดียว -- บทที่ 10 การวิเคราะห์ความสัมพันธ์ -- บทที่ 11 การวิเคราะห์ถดถอย
505 0  ^a^tความรู้เบื้องต้นเกี่ยวกับสถิติ --^tการสุ่มตัวอย่าง --^tสมมติฐาน --^tการวัดแนวโน้มเข้าสู่ส่วนกลาง --^tการวัดการกระจาย --^tการเปรียบเทียบค่าเฉลี่ยของข้อมูลกับเกณฑ์ --^tการเปรียบเทียบค่าเฉลี่ยข้อมูลสองชุดที่ไม่เป็นอิสระจากกัน --^tการเปรียบเทียบค่าเฉลี่ยข้อมูลสองชุดที่เป็นอิสระจากกัน --^tการวิเคราะห์ความแปรปรวนทางเดียว --^tการวิเคราะห์ความสัมพันธ์ --^tการวิเคราะห์ถดถอย
505 2  ^aความรู้เบื้องต้นเกี่ยวกับสถิติ -- การสุ่มตัวอย่าง -- สมมติฐาน -- การวัดแนวโน้มเข้าสู่ส่วนกลาง -- การวัดการกระจาย -- การเปรียบเทียบค่าเฉลี่ยของข้อมูลกับเกณฑ์ -- การเปรียบเทียบค่าเฉลี่ยข้อมูลชุดที่ไม่เป็นอิสระจากกัน -- การเปรียบเทียบค่าเฉลี่ยข้อมูลสองชุดที่เป็นอิสระจากกัน -- การวิเคราะห์ความแปรปรวนทางเดียว -- การวิเคราะห์ความสัมพันธ์ -- การวิเคราะห์ถดถอย
505 2  ^aความรู้เบื้องต้นเกี่ยวกับสถิติ -- การสุ่มตัวอย่าง -- สมมติฐาน -- การวัดแนวโน้มเข้าสู่ส่วนกลาง -- การวัดการกระจาย -- การเปรียบเทียบค่าเฉลี่ยของข้อมูลกับเกณฑ์ -- การเปรียบเทียบค่าเฉลี่ยข้อมูลสองชุดที่ไม่เป็นอิสระจากกัน -- การเปรียบเทียบค่าเฉลี่ยข้อมูลสองชุดที่เป็นอิสระจากกัน -- การวิเคราะห์ควาแปรปรวนทางเดียว -- การวิเคราะห์ความสัมพันธ์ -- การวิเคราะห์ถดถอย
505 2  ^aสารบัญ : ความรู้เบื้องต้นเกี่ยวกับสถิติ -- การสุ่มตัวอย่าง -- สมมติฐาน -- การวัดแนวโน้มเข้าสู่ส่วนกลาง -- การวัดการกระจาย -- การเปรียบเทียบค่าเฉลี่ยของข้อมูลกับเกณฑ์ -- การเปรียบเทียบค่าเฉลี่ยข้อมูลชุดที่ไม่เป็นอิสระจากกัน -- การเปรียบเทียบค่าเฉลี่ยข้อมูลสองชุดที่เป็นอิสระจากกัน -- การวิเคราะห์ความแปรปรวนทางเดียว -- การวิเคราะห์ความสัมพันธ์ -- การวิเคราะห์ถดถอย
650    ^aการศึกษา^xวิจัย.
650    ^aการศึกษา^xสถิติ.
650    ^aคณิตศาสตร์สถิติ.
650    ^aสังคมศาสตร์^xระเบียบวิธีทางสถิติ.
650  0 ^aEducation^xStatistics
650  0 ^aStatistics
650  4 ^aการศึกษา^xวิจัย^xระเบียบวิธีทางสถิติ
650  4 ^aการศึกษา^xวิจัย^xสถิติ.
650  4 ^aวิจัย^xระเบียบวิธีทางสถิติ.
650  4 ^aสถิติ^xวิจัย.
650  4 ^aสถิติการศึกษา.
650  4 ^aสังคมศาสตร์^xระเบียบวิธีทางสถิติ^xโปรแกรมคอมพิวเตอร์.
650  7 ^aeducational research.
650  7 ^aการศึกษา^xระเบียบวิธีทางสถิติ
650  7 ^aการศึกษา^xวิจัย^2tshd.
650  7 ^aวิจัยเชิงปฏิบัติการทางการศึกษา.
650  7 ^aสถิติ
650  7 ^aสถิติการศึกษา^2tshd
650  7 ^aสถิติศาสตร์^2tshd
650  7 ^aสังคมศาสตร์^xระเบียบวิธีทางสถิติ^2tshd
945    ^p300^l0^i30568
945    ^p300^l0^i30569
999    ^aกัณชพร จุลอักษร
รายการนี้ยังไม่มีแท็ก
คุณยังไม่ได้ล็อกอิน คุณสามารถมีกิจกรรมร่วมกับเว็บไซต์ได้ แต่ต้องล็อกอินก่อน ::
  ล็อกอิน

รายการสื่อสารสนเทศ

ลำดับที่ ประเภท เลขเรียก/บาร์โค้ด สถานที่ สถานะ
1. หนังสือสำรอง
หนังสือสำรอง
LB1028 ย425ส ฉ.1 
  Barcode: 30568
ห้องสมุดวิทยาเขตนครสวรรค์
►หนังสือทั่วไป:l:General Books
บนชั้น
2. วิทยาศาสตร์การแพทย์ และสุขภาพ
วิทยาศาสตร์การแพทย์ และสุขภาพ
LB1028 ย425ส ฉ.2 
  Barcode: 30569
ห้องสมุดวิทยาเขตนครสวรรค์
►หนังสือทั่วไป:l:General Books
บนชั้น

รายการใกล้เคียง
    ผู้แต่ง [ยุภาดี ปณะราช.]

    หัวเรื่อง [คณิตศาสตร์สถิติ.]
    หัวเรื่อง [Statistics]
    หัวเรื่อง [สถิติการศึกษา.]
    หัวเรื่อง [educational research.]
    หัวเรื่อง [วิจัยเชิงปฏิบัติการทางการศึกษา.]
    หัวเรื่อง [สถิติ]

BibComment


ยังไม่เคยถูกคอมเมนท์

คอมเมนท์ทรัพยากรรายการนี้
  คอมเมนท์: สถิติเพื่อการวิจ..


 Copyright 2026. Bcnsprnw @Library